[Event "Reykjavik op"]
[Site "Reykjavik"]
[Date "2023.04.02"]
[Round "7"]
[White "Gardarsson, Hordur"]
[Black "Vidarsson, Kari Steinn"]
[Result "1-0"]
[WhiteElo "1498"]
[BlackElo "1267"]
[PlyCount "55"]
[EventDate "2023.03.29"]
[EventType "swiss"]
[EventRounds "9"]
[EventCountry "ISL"]
[SourceTitle "EXT 2024"]
[Source "ChessBase"]
[SourceDate "2023.10.10"]
[SourceVersion "1"]
[SourceVersionDate "2023.10.10"]
[SourceQuality "1"]

1. d4 Nf6 2. c4 e6 3. Nf3 d5 4. Nc3 Be7 5. h3 0-0 6. Bf4 a6 7. e3 dxc4 8. Bxc4 b5 9. Bb3 Bb7 10. 0-0 Nbd7 11. Qe2 c5 12. Rfd1 cxd4 13. exd4 Nb6 14. a3 Nfd5 15. Bg3 Bf6 16. Ne4 Be7 17. Rac1 Rc8 18. Nc5 Bxc5 19. dxc5 Nd7 20. Bd6 Re8 21. Ne5 Nf4 22. Qg4 Ng6 23. f4 Nf6 24. Qg5 h6 25. Nxf7 Kxf7 26. Qf5 Nh4 27. Qe5 Nf5 28. Qxf5 1-0

[Event "Reykjavik Kvika op"]
[Site "Reykjavik"]
[Date "2022.04.10"]
[Round "7"]
[White "Gardarsson, Hordur"]
[Black "Johannsson, Markus Orri"]
[Result "0-1"]
[WhiteElo "1517"]
[BlackElo "1288"]
[PlyCount "84"]
[EventDate "2022.04.06"]
[EventType "swiss"]
[EventRounds "9"]
[EventCountry "ISL"]
[SourceTitle "CBM 207 Extra"]
[Source "ChessBase"]
[SourceDate "2022.05.31"]
[SourceVersion "1"]
[SourceVersionDate "2022.05.31"]
[SourceQuality "1"]

1. d4 Nf6 2. Nf3 b6 3. g3 Bb7 4. Bg2 e6 5. 0-0 c5 6. c4 cxd4 7. Nxd4 Bxg2 8. Kxg2 Bc5 9. Nc3 Nc6 10. Be3 Nxd4 11. Bxd4 Bxd4 12. Qxd4 Qc7 13. e4 0-0 14. Nb5 Qc6 15. Nd6 Ne8 16. Nxe8 Rfxe8 17. Rac1 Rad8 18. Kg1 Qa4 19. Rfd1 h6 20. Qc3 Rc8 21. b3 Qc6 22. e5 Red8 23. Rd6 Qb7 24. Rcd1 Rc7 25. Qd3 Qa6 26. Qe2 Qb7 27. R1d4 Rc6 28. Qh5 Rxd6 29. exd6 Qc6 30. b4 Qa4 31. Rf4 Rf8 32. c5 bxc5 33. bxc5 Qxa2 34. Rg4 Qc2 35. Rf4 a5 36. Qg4 Qxc5 37. Rd4 Qc6 38. Qf4 Rb8 39. f3 Qc5 40. Qe3 Rb3 41. Qe4 Rb4 42. Qa8+ Kh7 0-1

[Event "Selfoss op"]
[Site "Selfoss"]
[Date "2019.11.29"]
[Round "7"]
[White "Petursson, Gudni Stefan"]
[Black "Gardarsson, Hordur"]
[Result "1-0"]
[WhiteElo "2045"]
[BlackElo "1586"]
[PlyCount "97"]
[EventDate "2019.11.21"]
[EventType "swiss"]
[EventRounds "7"]
[EventCountry "ISL"]
[SourceTitle "CBM 193 Extra"]
[Source "ChessBase"]
[SourceDate "2020.01.31"]
[SourceVersion "1"]
[SourceVersionDate "2020.01.31"]
[SourceQuality "1"]

1. Nf3 c5 2. c4 Nc6 3. g3 g6 4. Bg2 Bg7 5. 0-0 Nf6 6. Nc3 0-0 7. d4 cxd4 8. Nxd4 a6 9. e3 Qc7 10. b3 d6 11. Bb2 Bd7 12. Rc1 Qa5 13. Qd2 Rac8 14. Rfd1 Qh5 15. Nde2 g5 16. Nd4 Bh3 17. f3 Bxg2 18. Kxg2 Qg6 19. g4 e6 20. Qd3 Ne5 21. Qxg6 Nxg6 22. Ba3 Rfd8 23. Nde2 Bf8 24. Ng3 d5 25. Bxf8 Kxf8 26. cxd5 exd5 27. Nce2 Ne7 28. Nd4 Nc6 29. Nxc6 bxc6 30. Nf5 Ne8 31. Rc5 Ng7 32. Nd4 Rd6 33. Rdc1 Ne6 34. Rxc6 Rdxc6 35. Rxc6 Rxc6 36. Nxc6 Ke8 37. Kf2 f6 38. Ke2 Nc7 39. Kd3 Kd7 40. Nd4 Kd6 41. b4 h6 42. a4 Kd7 43. Nf5 Ne6 44. Nxh6 a5 45. bxa5 Nc5+ 46. Kd4 Kc6 47. Ng8 Nb3+ 48. Kc3 Nxa5 49. Nxf6 1-0

[Event "Reykjavik Icelandic op"]
[Site "Reykjavik"]
[Date "2018.06.09"]
[Round "10"]
[White "Briem, Stephan"]
[Black "Gardarsson, Hordur"]
[Result "1-0"]
[WhiteElo "1957"]
[BlackElo "1632"]
[PlyCount "29"]
[EventDate "2018.06.01"]
[EventType "swiss"]
[EventRounds "10"]
[EventCountry "ISL"]
[SourceTitle "CBM 184 Extra"]
[Source "ChessBase"]
[SourceDate "2018.06.28"]
[SourceVersion "1"]
[SourceVersionDate "2018.06.28"]
[SourceQuality "1"]

1. d4 d5 2. c4 c6 3. Nc3 Nf6 4. cxd5 cxd5 5. f3 Bf5 6. Bg5 e6 7. e4 dxe4 8. fxe4 Bg6 9. Bb5+ Nc6 10. e5 h6 11. Bh4 Bh5 12. Qa4 g5 13. exf6 Rc8 14. Bg3 Qxf6 15. Be5 1-0

[Event "Reykjavik Icelandic op"]
[Site "Reykjavik"]
[Date "2018.06.04"]
[Round "5"]
[White "Baldvinsson, Loftur"]
[Black "Gardarsson, Hordur"]
[Result "1-0"]
[WhiteElo "1948"]
[BlackElo "1632"]
[PlyCount "83"]
[EventDate "2018.06.01"]
[EventType "swiss"]
[EventRounds "10"]
[EventCountry "ISL"]
[SourceTitle "CBM 184 Extra"]
[Source "ChessBase"]
[SourceDate "2018.06.28"]
[SourceVersion "1"]
[SourceVersionDate "2018.06.28"]
[SourceQuality "1"]

1. e4 c5 2. Nf3 d6 3. d4 cxd4 4. Nxd4 a6 5. Nc3 Nf6 6. Be3 e5 7. Nf3 Be6 8. Ng5 Bg4 9. f3 Bh5 10. g4 Bg6 11. h4 h6 12. Nh3 Nbd7 13. h5 Bh7 14. Bc4 Be7 15. Qd2 Rc8 16. Bd5 Qc7 17. 0-0-0 b5 18. Bb3 Nb6 19. g5 Nxh5 20. Bxb6 Qxb6 21. Nd5 Qd8 22. Nxe7 Qxe7 23. gxh6 g6 24. Qxd6 Qxd6 25. Rxd6 Ng3 26. Re1 Bg8 27. Nf2 Rxh6 28. Ng4 Rh3 29. Rxa6 Nh5 30. Nxe5 Nf4 31. Kb1 Kf8 32. Ra7 g5 33. Bxf7 Bxf7 34. Rxf7+ Kg8 35. Rf5 Ne6 36. c3 Rh2 37. Ng4 Rd2 38. Rxb5 Rf8 39. Re5 Kf7 40. Rf5+ Ke7 41. Rxf8 Kxf8 42. Ne5 1-0

[Event "Reykjavik Icelandic op"]
[Site "Reykjavik"]
[Date "2018.06.01"]
[Round "1"]
[White "Jonsson, Gauti Pall"]
[Black "Gardarsson, Hordur"]
[Result "1-0"]
[WhiteElo "2045"]
[BlackElo "1632"]
[PlyCount "65"]
[EventDate "2018.06.01"]
[EventType "swiss"]
[EventRounds "10"]
[EventCountry "ISL"]
[SourceTitle "CBM 184 Extra"]
[Source "ChessBase"]
[SourceDate "2018.06.28"]
[SourceVersion "1"]
[SourceVersionDate "2018.06.28"]
[SourceQuality "1"]

1. d4 Nf6 2. c4 e6 3. Nf3 d5 4. Nc3 Be7 5. Bf4 0-0 6. Qc2 c6 7. e3 Nbd7 8. 0-0-0 a5 9. h4 dxc4 10. Bxc4 b5 11. Bd3 Re8 12. Nxb5 Nd5 13. Bxh7+ Kh8 14. Ng5 Bxg5 15. hxg5 Nf8 16. Be4+ Kg8 17. Bxd5 cxd5 18. Nc7 Bd7 19. Nxa8 Qxa8 20. Kb1 Bb5 21. Bd6 Ng6 22. f4 Qa6 23. Bc5 a4 24. Ka1 Rc8 25. Rh2 a3 26. b3 Qa5 27. Rdh1 f6 28. gxf6 Be8 29. Rh8+ Kf7 30. fxg7 Kxg7 31. R1h7+ Kf6 32. Be7+ Nxe7 33. Rf8+ 1-0

[Event "Reykjavik op"]
[Site "Reykjavik"]
[Date "2017.04.24"]
[Round "7"]
[White "Saren, Bjorn"]
[Black "Gardarsson, Hordur"]
[Result "1-0"]
[WhiteElo "2067"]
[BlackElo "1700"]
[PlyCount "99"]
[EventDate "2017.04.19"]
[EventType "swiss"]
[EventRounds "10"]
[EventCountry "ISL"]
[SourceTitle "CBM 178 Extra"]
[Source "ChessBase"]
[SourceDate "2017.06.22"]
[SourceVersion "1"]
[SourceVersionDate "2017.06.22"]
[SourceQuality "1"]

1. f4 Nf6 2. g3 e6 3. Bg2 d5 4. Nh3 Nbd7 5. Nf2 Bd6 6. 0-0 0-0 7. d3 d4 8. c3 c5 9. e4 dxe3 10. Bxe3 Rb8 11. Ne4 Be7 12. Nbd2 b6 13. Nc4 Nd5 14. Bf2 N7f6 15. Ne5 Bb7 16. Qa4 Qc7 17. Nxf6+ Nxf6 18. Qxa7 Rfc8 19. Rfd1 Bxg2 20. Qxc7 Rxc7 21. Kxg2 Rd8 22. a4 Nd7 23. Nf3 Nf6 24. h3 Nd5 25. Rac1 h5 26. h4 Bf6 27. Nd2 g6 28. Ne4 Be7 29. Kf3 Rcd7 30. a5 bxa5 31. Nxc5 Bxc5 32. Bxc5 Nf6 33. d4 Nd5 34. c4 Nb4 35. Bxb4 axb4 36. Ke4 Kf8 37. b3 Ke7 38. c5 Rd5 39. Rc4 f5+ 40. Ke3 Rb8 41. Ra1 Kd7 42. Ra4 Kc6 43. Rcxb4 Rdd8 44. Rxb8 Rxb8 45. Ra6+ Kc7 46. Ra3 Rb4 47. Kd3 Kc6 48. Kc3 Rb8 49. Ra6+ Kd5 50. b4 1-0

[Event "Reykjavik op"]
[Site "Reykjavik"]
[Date "2016.03.16"]
[Round "10"]
[White "Sigurdsson, Birkir Karl"]
[Black "Gardarsson, Hordur"]
[Result "1-0"]
[WhiteElo "1857"]
[BlackElo "1731"]
[PlyCount "67"]
[EventDate "2016.03.08"]
[EventType "swiss"]
[EventRounds "10"]
[EventCountry "ISL"]
[SourceTitle "CBM 171 Extra"]
[Source "ChessBase"]
[SourceDate "2016.04.26"]
[SourceVersion "1"]
[SourceVersionDate "2016.04.26"]
[SourceQuality "1"]

1. d4 Nf6 2. c4 e6 3. Nc3 d5 4. cxd5 exd5 5. Bg5 Nbd7 6. Nf3 c6 7. e3 Qa5 8. Bd3 Bb4 9. Qc2 0-0 10. 0-0 Bd6 11. a3 Re8 12. b4 Qc7 13. Rac1 a6 14. Bf5 g6 15. Bxd7 Nxd7 16. Nxd5 Qb8 17. Nc3 Nf8 18. Ne4 Be7 19. Bf4 Qa7 20. Bd6 Bf5 21. Bxe7 Rxe7 22. Nf6+ Kg7 23. e4 Be6 24. Qc3 Bd5 25. exd5 Kxf6 26. dxc6 Kg7 27. d5+ Kg8 28. d6 Re6 29. c7 Rc8 30. Rfd1 Nd7 31. Ng5 Rf6 32. Ne4 Rf4 33. Nc5 b5 34. Qe3 1-0

[Event "Reykjavik op"]
[Site "Reykjavik"]
[Date "2016.03.11"]
[Round "5"]
[White "Gardarsson, Hordur"]
[Black "Karlsson, Isak Orri"]
[Result "1-0"]
[WhiteElo "1731"]
[BlackElo "1139"]
[PlyCount "97"]
[EventDate "2016.03.08"]
[EventType "swiss"]
[EventRounds "10"]
[EventCountry "ISL"]
[SourceTitle "CBM 171 Extra"]
[Source "ChessBase"]
[SourceDate "2016.04.26"]
[SourceVersion "1"]
[SourceVersionDate "2016.04.26"]
[SourceQuality "1"]

1. Nf3 Nc6 2. c4 e5 3. Nc3 Nf6 4. d3 d5 5. cxd5 Nxd5 6. g3 Bb4 7. Qb3 Na5 8. Qc2 Bd7 9. Bd2 Nxc3 10. Bxc3 Bxc3+ 11. Qxc3 Nc6 12. Nxe5 0-0 13. Nxd7 Qxd7 14. Bg2 Rfe8 15. Bxc6 Qxc6 16. Qxc6 bxc6 17. e3 Rad8 18. Ke2 Rd5 19. Rac1 Re6 20. Rc3 Kf8 21. Rhc1 Rb5 22. b3 Rb6 23. Rc5 Ke7 24. d4 Kd6 25. d5 Re5 26. Rxc6+ Rxc6 27. Rxc6+ Kd7 28. Rc5 Kc8 29. Kd3 Kb7 30. f4 Rh5 31. h4 Ka6 32. Ke4 Rh6 33. Kf3 Kb6 34. b4 f5 35. Rc6+ Rxc6 36. dxc6 Kxc6 37. e4 fxe4+ 38. Kxe4 Kb5 39. a3 Ka4 40. g4 Kxa3 41. f5 Kxb4 42. g5 a5 43. f6 gxf6 44. gxf6 c5 45. f7 Kb3 46. f8Q c4 47. Qb8+ Kc2 48. Qb5 c3 49. Qxa5 1-0

[Event "Reykjavik op"]
[Site "Reykjavik"]
[Date "2016.03.10"]
[Round "4"]
[White "Haraldsson, Haraldur"]
[Black "Gardarsson, Hordur"]
[Result "1-0"]
[WhiteElo "1988"]
[BlackElo "1731"]
[PlyCount "97"]
[EventDate "2016.03.08"]
[EventType "swiss"]
[EventRounds "10"]
[EventCountry "ISL"]
[SourceTitle "CBM 171 Extra"]
[Source "ChessBase"]
[SourceDate "2016.04.26"]
[SourceVersion "1"]
[SourceVersionDate "2016.04.26"]
[SourceQuality "1"]

1. Nf3 d5 2. d4 Nf6 3. Bf4 e6 4. e3 c6 5. Bd3 Nbd7 6. Nbd2 Be7 7. h3 b6 8. 0-0 0-0 9. c4 Bb7 10. Rc1 Rc8 11. Qa4 a6 12. cxd5 Nxd5 13. Bg3 b5 14. Qd1 c5 15. e4 Nb4 16. Bb1 cxd4 17. Rxc8 Qxc8 18. Nxd4 Bc5 19. N4b3 Bb6 20. Qh5 Rd8 21. e5 Nf8 22. Kh2 Nd3 23. Nf3 Ng6 24. Nbd2 Qc6 25. Rg1 Nxf2 26. Bh4 Nd3 27. Bxd8 Bxg1+ 28. Kxg1 Qc1+ 29. Kh2 Ndf4 30. Qg4 h5 31. Qg5 Bxf3 32. Bxg6 Nxg6 33. Nxf3 Qxb2 34. Qxh5 Qxa2 35. Qg5 Qf2 36. h4 Qc2 37. h5 Nf8 38. Ba5 Qf5 39. Qxf5 exf5 40. Nd4 Nd7 41. Nc6 Nc5 42. Kg3 Nb3 43. Bb6 Kf8 44. Kf4 Ke8 45. Kxf5 Kd7 46. Na5 Nd2 47. Be3 Nf1 48. Bf4 Ke7 49. Nc6+ 1-0

[Event "ISL-chT2 1415"]
[Site "Reykjavik"]
[Date "2015.03.20"]
[Round "5.2"]
[White "Gardarsson, Hordur"]
[Black "Jonsson, Olafur Gisli"]
[Result "0-1"]
[WhiteElo "1792"]
[BlackElo "1899"]
[PlyCount "58"]
[EventDate "2014.10.03"]
[EventType "team-tourn"]
[EventRounds "7"]
[EventCountry "ISL"]
[SourceTitle "EXT 2016"]
[Source "ChessBase"]
[SourceDate "2015.10.08"]
[SourceVersion "1"]
[SourceVersionDate "2015.10.08"]
[SourceQuality "1"]
[WhiteTeam "Vinaskakfelagid"]
[BlackTeam "Reykjavik KR"]
[WhiteTeamCountry "ISL"]
[BlackTeamCountry "ISL"]

1. d4 d5 2. c4 dxc4 3. e4 e5 4. d5 c6 5. Bxc4 Nf6 6. Nf3 cxd5 7. exd5 e4 8. Ne5 Bb4+ 9. Nc3 0-0 10. 0-0 Re8 11. Qd4 Bd6 12. f4 exf3 13. Nxf3 Nbd7 14. Kh1 a6 15. Bg5 h6 16. Bh4 b5 17. Bb3 b4 18. Ne4 Rxe4 19. Qxe4 Qb6 20. Qe2 Bb7 21. Bxf6 Nxf6 22. Qd3 a5 23. Rfe1 Ng4 24. Qf5 Nf2+ 25. Kg1 Nh3+ 26. Kh1 Nf2+ 27. Kg1 g6 28. Qc2 Rc8 29. Qd2 Ne4+ 0-1

[Event "ISL-chT 1314"]
[Site "Reykjavik"]
[Date "2014.02.28"]
[Round "7.2"]
[White "Karlsson, Bjorn Ivar"]
[Black "Gardarsson, Hordur"]
[Result "1-0"]
[WhiteElo "2269"]
[BlackElo "1830"]
[PlyCount "53"]
[EventDate "2013.10.10"]
[EventType "team-tourn"]
[EventRounds "9"]
[EventCountry "ISL"]
[SourceTitle "EXT 2015"]
[Source "ChessBase"]
[SourceDate "2014.11.20"]
[SourceVersion "1"]
[SourceVersionDate "2014.11.20"]
[SourceQuality "1"]
[WhiteTeam "Vestmannaeyja"]
[BlackTeam "Vinaskakfelagid"]
[WhiteTeamCountry "ISL"]
[BlackTeamCountry "ISL"]

1. e4 d5 2. exd5 Qxd5 3. Nc3 Qd6 4. d4 Nf6 5. Bc4 c6 6. Nge2 e6 7. Bf4 Qb4 8. Bb3 Be7 9. Qd3 Nbd7 10. Qf3 Qa5 11. 0-0-0 Nf8 12. g4 Bd7 13. h4 Ng6 14. Bd2 Bb4 15. h5 Ne7 16. h6 Rg8 17. hxg7 Ned5 18. g5 Nxc3 19. Nxc3 Nd5 20. Nxd5 Bxd2+ 21. Rxd2 cxd5 22. Qf6 Qd8 23. Rxh7 Qxf6 24. gxf6 0-0-0 25. f4 e5 26. fxe5 Bf5 27. Rh6 1-0

[Event "Reykjavik op"]
[Site "Reykjavik"]
[Date "2011.03.16"]
[Round "9"]
[White "Gardarsson, Hordur"]
[Black "Duchrow, Oliver"]
[Result "0-1"]
[WhiteElo "1851"]
[BlackElo "2165"]
[PlyCount "92"]
[EventDate "2011.03.09"]
[EventType "swiss"]
[EventRounds "9"]
[EventCountry "ISL"]
[SourceTitle "CBM 141 Extra"]
[Source "ChessBase"]
[SourceDate "2011.05.03"]
[SourceVersion "1"]
[SourceVersionDate "2011.05.03"]
[SourceQuality "1"]

1. d4 f5 2. g3 g6 3. Bg2 Bg7 4. c4 Nf6 5. Nc3 0-0 6. Nf3 d6 7. 0-0 Qe8 8. d5 e5 9. dxe6 Qxe6 10. Qd3 Na6 11. Ng5 Qe7 12. a3 Nc5 13. Qd1 a5 14. Be3 Ne6 15. Nxe6 Bxe6 16. Nd5 Qf7 17. Qd2 Ne4 18. Bxe4 fxe4 19. Bd4 Bxd4 20. Qxd4 c5 21. Qe3 Bxd5 22. cxd5 Qxd5 23. Rad1 Qc6 24. Rc1 b6 25. h4 d5 26. h5 Rae8 27. hxg6 hxg6 28. Kg2 Kg7 29. Rh1 Rh8 30. Qc3+ Qf6 31. Qxf6+ Kxf6 32. Rxh8 Rxh8 33. e3 Ke5 34. Rc2 Rd8 35. Kf1 d4 36. exd4+ cxd4 37. Rc6 Rd6 38. Rc8 Kd5 39. b4 axb4 40. axb4 Rc6 41. Rd8+ Kc4 42. Re8 Kd3 43. Rd8 Rc1+ 44. Kg2 Rb1 45. Rg8 Rxb4 46. Rxg6 Ke2 0-1

[Event "Reykjavik op"]
[Site "Reykjavik"]
[Date "2011.03.09"]
[Round "1.82"]
[White "Thorfinnsson, Bragi"]
[Black "Gardarsson, Hordur"]
[Result "1-0"]
[WhiteElo "2417"]
[BlackElo "1851"]
[PlyCount "87"]
[EventDate "2011.03.09"]
[EventType "swiss"]
[EventRounds "9"]
[EventCountry "ISL"]
[SourceTitle "CBM 141 Extra"]
[Source "ChessBase"]
[SourceDate "2011.05.03"]
[SourceVersion "1"]
[SourceVersionDate "2011.05.03"]
[SourceQuality "1"]

1. Nf3 d5 2. g3 Nf6 3. Bg2 Bf5 4. c4 e6 5. cxd5 exd5 6. Qb3 Qc8 7. Nc3 c6 8. 0-0 Nbd7 9. d3 Bc5 10. e4 dxe4 11. dxe4 Be6 12. Qc2 h6 13. b3 0-0 14. Bb2 Re8 15. Ne2 Bf8 16. Nfd4 Qd8 17. Nxe6 Rxe6 18. Rad1 Qa5 19. Nd4 Ree8 20. Nf5 Qc5 21. Qxc5 Bxc5 22. Nxg7 Kxg7 23. Rxd7 Re7 24. Rd3 Kg6 25. e5 Ng4 26. b4 Bb6 27. Rd6+ Kg7 28. e6+ Nf6 29. exf7 Rxf7 30. Re1 Raf8 31. Bd4 Bxd4 32. Rxd4 Nd5 33. Bxd5 cxd5 34. Re2 Rd7 35. Re5 Rfd8 36. Kg2 Kf6 37. f4 b5 38. Kf3 a6 39. h4 Rd6 40. g4 Rc8 41. g5+ hxg5 42. hxg5+ Kg6 43. Rexd5 Rdc6 44. Kg4 1-0

[Event "Reykjavik op"]
[Site "Reykjavik"]
[Date "2010.02.27"]
[Round "5"]
[White "Andersson, Christin"]
[Black "Gardarsson, Hordur"]
[Result "1/2-1/2"]
[WhiteElo "2135"]
[BlackElo "1888"]
[PlyCount "121"]
[EventDate "2010.02.24"]
[EventType "swiss"]
[EventRounds "9"]
[EventCountry "ISL"]
[SourceTitle "CBM 135 Extra"]
[Source "ChessBase"]
[SourceDate "2010.05.04"]
[SourceVersion "1"]
[SourceVersionDate "2010.05.04"]
[SourceQuality "1"]

1. e4 c6 2. d4 d5 3. Nc3 dxe4 4. Nxe4 Nd7 5. Bc4 Ndf6 6. Nxf6+ Nxf6 7. Nf3 Bf5 8. c3 e6 9. 0-0 Be7 10. Re1 0-0 11. Bf4 Nh5 12. Be5 Nf6 13. h3 b5 14. Bb3 a5 15. Nh4 Bg6 16. Nxg6 hxg6 17. Qf3 Nd5 18. Rad1 Bf6 19. Bc2 Bxe5 20. Rxe5 Qf6 21. Qe4 Qf4 22. Qxf4 Nxf4 23. Rc5 Rac8 24. Be4 Nd5 25. Bxd5 exd5 26. Re1 Rfe8 27. Rxe8+ Rxe8 28. Rxc6 Re1+ 29. Kh2 Re2 30. Rb6 Rxb2 31. a4 b4 32. cxb4 axb4 33. a5 b3 34. a6 Ra2 35. Rxb3 Rxa6 36. Rb8+ Kh7 37. Rb5 Rd6 38. Kg3 f6 39. Rb8 g5 40. Kf3 Kg6 41. g4 Rd7 42. Rb6 Kf7 43. Kg3 Ke7 44. f4 gxf4+ 45. Kxf4 g6 46. g5 fxg5+ 47. Kxg5 Ra7 48. Kxg6 Ra4 49. h4 Rxd4 50. h5 Rd1 51. h6 Rg1+ 52. Kf5 Kf7 53. Rb8 Rf1+ 54. Kg5 Rg1+ 55. Kf4 Rh1 56. Rb6 Kg8 57. Kg5 Rg1+ 58. Kf5 Rf1+ 59. Ke5 Kh7 60. Kxd5 Rh1 61. Ke5 1/2-1/2

[Event "Reykjavik op"]
[Site "Reykjavik"]
[Date "2010.02.27"]
[Round "4"]
[White "Gardarsson, Hordur"]
[Black "Andrason, Pall Snaedal"]
[Result "1-0"]
[WhiteElo "1888"]
[BlackElo "1587"]
[PlyCount "157"]
[EventDate "2010.02.24"]
[EventType "swiss"]
[EventRounds "9"]
[EventCountry "ISL"]
[SourceTitle "CBM 135 Extra"]
[Source "ChessBase"]
[SourceDate "2010.05.04"]
[SourceVersion "1"]
[SourceVersionDate "2010.05.04"]
[SourceQuality "1"]

1. d4 d5 2. c4 e6 3. Nf3 Nf6 4. Nc3 c6 5. Bg5 Nbd7 6. cxd5 exd5 7. e3 Qb6 8. Qc2 g6 9. Bd3 Bg7 10. 0-0 0-0 11. a3 Re8 12. b4 h6 13. Bh4 a6 14. Rab1 Nh5 15. a4 g5 16. Bg3 Nxg3 17. hxg3 Nf6 18. b5 axb5 19. axb5 Qa5 20. bxc6 bxc6 21. Ne5 Bd7 22. Ne2 Rec8 23. Bh7+ Nxh7 24. Nxd7 Nf8 25. Nc5 Ne6 26. Nxe6 fxe6 27. Qg6 Qc7 28. Qxe6+ Qf7 29. Qxf7+ Kxf7 30. g4 Ke6 31. Rfc1 Kd6 32. Ng3 Bf8 33. Nf5+ Kd7 34. Rb7+ Rc7 35. Rxc7+ Kxc7 36. Kh2 Bd6+ 37. g3 Bf8 38. Kg2 Ra2 39. Rh1 c5 40. dxc5 Kc6 41. Nxh6 Bxc5 42. Nf5 Ra4 43. Rh5 Rxg4 44. Kf3 Ra4 45. Rxg5 Ra2 46. Rg7 Bb4 47. Nd4+ Kb6 48. Kg2 Bd2 49. Re7 Be1 50. Rf7 Bd2 51. Rf3 Bc3 52. Nf5 Rd2 53. g4 d4 54. Nxd4 Bxd4 55. exd4 Rxd4 56. Kg3 Kc6 57. g5 Kd6 58. Rf4 Rd1 59. Kg4 Ke6 60. Rf6+ Ke7 61. f4 Rg1+ 62. Kf5 Ra1 63. Rb6 Kf7 64. Rb7+ Kf8 65. g6 Ra6 66. Kg5 Kg8 67. f5 Ra8 68. f6 Rf8 69. Rg7+ Kh8 70. Rh7+ Kg8 71. f7+ Rxf7 72. gxf7+ Kxh7 73. Kf6 Kh6 74. f8Q+ Kh5 75. Qg8 Kh4 76. Kf5 Kh3 77. Kf4 Kh2 78. Kf3 Kh1 79. Qg2# 1-0

[Event "Reykjavik op"]
[Site "Reykjavik"]
[Date "2010.02.26"]
[Round "3"]
[White "Brynjarsson, Eirikur Orn"]
[Black "Gardarsson, Hordur"]
[Result "1/2-1/2"]
[WhiteElo "1653"]
[BlackElo "1888"]
[PlyCount "86"]
[EventDate "2010.02.24"]
[EventType "swiss"]
[EventRounds "9"]
[EventCountry "ISL"]
[SourceTitle "CBM 135 Extra"]
[Source "ChessBase"]
[SourceDate "2010.05.04"]
[SourceVersion "1"]
[SourceVersionDate "2010.05.04"]
[SourceQuality "1"]

1. e4 c6 2. d4 d5 3. exd5 cxd5 4. Nc3 Bf5 5. Bf4 Nc6 6. Nf3 e6 7. Bb5 Nf6 8. Ne5 Rc8 9. Nxc6 bxc6 10. Ba6 Rb8 11. Bxb8 Qxb8 12. Rb1 Bd6 13. h3 Qc7 14. Bd3 Bg6 15. 0-0 Bh5 16. Qd2 Bf4 17. Qe1 g5 18. g3 Rg8 19. Be2 g4 20. h4 Bd6 21. b4 Ne4 22. Nxe4 dxe4 23. c4 e3 24. c5 exf2+ 25. Qxf2 Bxg3 26. Qg2 Bxh4 27. b5 Qg3 28. bxc6 Bg6 29. Rb7 Qxg2+ 30. Kxg2 Be4+ 31. Kg1 Bxc6 32. Rbxf7 Bg5 33. Rc7 Be3+ 34. Kh2 g3+ 35. Kh3 g2 36. Rc8+ Ke7 37. Rxg8 gxf1Q+ 38. Bxf1 Bxd4 39. Bc4 Bxc5 40. Rc8 Kd6 41. Bxe6 Kxe6 42. Rxc6+ Kd5 43. Rh6 a5 1/2-1/2